Central Library OPAC University of Rajshahi

বাঙলার প্রাচীন মুদ্রার লেখ / (Record no. 83978)

MARC details
000 -LEADER
fixed length control field 00878nam a2200229 a 4500
001 - CONTROL NUMBER
control field 83978
003 - CONTROL NUMBER IDENTIFIER
rucl marc code BD-RjUL
005 - DATE AND TIME OF LATEST TRANSACTION
control field 20240908140707.0
008 - FIXED-LENGTH DATA ELEMENTS--GENERAL INFORMATION
fixed length control field 240908s2024 bg ||||| |||| 00| 0 ben d
035 ## - SYSTEM CONTROL NUMBER
System control number (BD-RjUL)83978
040 ## - CATALOGING SOURCE
Original cataloging agency BD-RjUL
Language of cataloging eng
Transcribing agency BD-RjUL
041 ## - LANGUAGE CODE
Language code of text/sound track or separate title ben
082 ## - DEWEY DECIMAL CLASSIFICATION NUMBER
Edition number 23
Classification number 332.4095414
Author mark and year ISB 2024
100 ## - MAIN ENTRY--PERSONAL NAME
Personal name ইসলাম, মোঃ শরিফুল
9 (RLIN) 5764
245 ## - TITLE STATEMENT
Title বাঙলার প্রাচীন মুদ্রার লেখ /
Statement of responsibility, etc. মোঃ শরিফুল ইসলাম
260 ## - PUBLICATION, DISTRIBUTION, ETC. (IMPRINT)
Place of publication, distribution, etc. ঢাকা :
Name of publisher, distributor, etc. দামিনী প্রকাশ,
Date of publication, distribution, etc. ২০২৪
300 ## - PHYSICAL DESCRIPTION
Pagination ১৭১ পৃ. :
Illustrations চিত্রসমূহ;
Size ২৫ সেমি.
504 ## - BIBLIOGRAPHY, ETC. NOTE
Bibliography, etc গ্রন্থপঞ্জি সংযুক্ত
650 ## - SUBJECT ADDED ENTRY--TOPICAL TERM
Topical term or geographic name as entry element বাংলার মুদ্রা
9 (RLIN) 13475
Topical term or geographic name as entry element Coins Bengal
9 (RLIN) 13476
942 ## - ADDED ENTRY ELEMENTS (KOHA)
Source of classification or shelving scheme Dewey Decimal Classification
Koha item type Books
Holdings
Lost status Source of classification or shelving scheme Damaged status Not for loan Collection code Permanent Location Current Location Shelving location Date acquired Source of acquisition Cost, normal purchase price Total Checkouts Full call number Date last seen Copy number Koha item type Date checked out
  Dewey Decimal Classification   Not For Loan Non-fiction Central Library, University of Rajshahi Central Library, University of Rajshahi Reading Room 02/06/2024 Author 2000.00   B 332.4095414 ISB 2024 08/09/2024 C-1 Books  
  Dewey Decimal Classification     Non-fiction Central Library, University of Rajshahi Central Library, University of Rajshahi General Stacks 02/06/2024 Author 2000.00   B 332.4095414 ISB 2024 08/09/2024 C-2 Books  
  Dewey Decimal Classification     Non-fiction Central Library, University of Rajshahi Central Library, University of Rajshahi General Stacks 02/06/2024 Author 2000.00   B 332.4095414 ISB 2024 08/09/2024 C-3 Books  
  Dewey Decimal Classification     Non-fiction Central Library, University of Rajshahi Central Library, University of Rajshahi General Stacks 02/06/2024 Author 2000.00   B 332.4095414 ISB 2024 08/09/2024 C-4 Books  
  Dewey Decimal Classification     Non-fiction Central Library, University of Rajshahi Central Library, University of Rajshahi General Stacks 02/06/2024 Author 2000.00 1 B 332.4095414 ISB 2024 04/01/2026 C-5 Books 26/11/2025